Правда ли это? 3 - Statistics

General Stats
  • This quiz has been taken 32 times
  • The average score is 12 of 20
Answer Stats
Question Answer % Correct
В математике долгие столетия отсутствовало понятие нуля Да
77%
В начале XX века в Германии пиво можно было купить в аптеке Да
77%
В Исландии существуют гейзерные электростанции Да
77%
Многие деятели Французской буржуазной революции выступали за полное упразднение роли католической церкви Да
69%
Александр Алёхин на одном из международных турниров поставил сильному шахматисту мат в 4 хода Да
69%
В суде против Соединённых штатов может победить даже иностранец со статусом беженца Да
69%
Тунгусский метеорит - это распространённая мистификация Нет
69%
Число "Пи" названо в честь Пифагора Нет
65%
В пастеризованном молоке отсутствует молочная кислота Нет
65%
Расу орков придумал Джон Рональд Руэл Толкин Да
65%
Ведьмы Салема были посмертно реабилитированы американским правительством Да
62%
В классическом волейболе существует понятие пробежки, как в баскетболе Нет
62%
Суммарный тираж книг о Гарри Поттере превышает суммарный тираж Библии Нет
58%
На сцене театра Уильяма Шекспира "Глобус" при его жизни ставили балеты Нет
58%
В конце своей жизни художник Василий Суриков пытался обратиться к абстрактной живописи Нет
50%
В Афганистане на экспорт разливают напиток "Coca-Cola" Да
46%
В природе существуют рыбы, которые совсем не умеют плавать Нет
35%
Методы стерилизации животных были изобретены только в XVIII веке Нет
31%
Однажды английская королева чуть не отрубила руку англичанину при посвящении того в ранг рыцарей Нет
27%
Изначально в бильярд играли клюшками, а не киями Да
27%
No matching quizzes found
Score Distribution
Percent of People with Each Score
Percentile by Number Answered
Your Score History
You have not taken this quiz